| 000 | 00704nam a2200229 a 4500 | ||
|---|---|---|---|
| 005 | 20240925064315.0 | ||
| 008 | 991125s1995 es 000 0 spa u | ||
| 020 | _a8471123096 | ||
| 035 | _aUPN01000058747 | ||
| 049 | _aCG | ||
| 050 | 4 |
_aBF723 D4 _bB6.88 1995 |
|
| 100 | 1 |
_aBowlby, John, _d1907-1990 _935522 |
|
| 245 | 1 | 0 |
_aVínculos afectivos : _bformación, desarrollo y pérdida / _cJohn Bowlby ; tr. Alfredo Guerra Miralles. |
| 250 | _a2a ed. | ||
| 260 |
_aMadrid : _bMorata, _c1995. |
||
| 300 | _a208 p. | ||
| 440 | 0 |
_aPsicología. _pCorrientes psicológicas |
|
| 650 | 2 |
_aAmor _xAspectos psicológicos _94322 |
|
| 650 | 4 |
_aEmociones _939 |
|
| 650 | 4 |
_aNiño, Estudio del _9221 |
|
| 905 | _aLibro | ||
| 999 |
_c58747 _d58747 |
||